000 00731nam a2200181Ia 4500
008 090124s9999 xx 000 0 und d
082 _b15990
100 _aडोगंरे बाबुराव
245 _a वृध्दत्व झाल्या तिन्ही सांजा......
250 _a1
260 _bबाबुराव डोंगरे
_c1982
300 _a96+72
600 _aडोगंरे बाबुराव
630 _a वृध्दत्व झाल्या तिन्ही सांजा......
700 _aडोगंरे बाबुराव
730 _a वृध्दत्व झाल्या तिन्ही सांजा......
942 _cBOOK
999 _c88517
_d88517